000 00775nam a2200193 a 4500
001 000043348
005 20250909091243.0
008 140310s2000 sp 001 0 spa d
020 _a8472328597
040 _aDO-SdBNP
_bspa
_cBNPHU
110 2 _aBiblioteca Islámica "Félix María Pareja"
_970988
245 1 0 _aCatálogo de Publicaciones Periódicas de la Biblioteca Islámica "Félix María Pareja" /
_cedición a cargo de Nuria Torres Santo Domingo.
260 _aMadrid :
_bAgencia Española de Cooperación Internacional,
_c2000.
300 _a181 p. ;
_c24 cm.
490 1 _aMundo árabe e Islam
_vBibliografía
500 _aIncluye índice
710 2 _aAgencia Española de Cooperación Internacional
_934585
830 0 _aMundo árabe e Islam
_pBibliografía
_970989
999 _c42837
_d42837